000 00716nam a2200289Ia 4500
005 20260324150428.0
008 008 260324s9999 xx 000 0 eng d
020 _a9781003440802
037 _aEBOOK
040 _aCRL
040 _beng
040 _cCRL
041 _2eng
041 _aeng
084 _qCRL
100 _aRobert Page Arnot
_91225023
245 0 _aSouth Wales Miners: Glowyr de Cymru
245 2 _bA History of the South Wales Miners' Federation, 1898-1914
260 _bTaylor and Francis
260 _c1967
365 _a
365 _b205
856 _uhttp://www.taylorfrancis.com/books/9781003440802
942 _cEBOOK
999 _c1835814
_d1835814